LEADER 01528nam 2200409 450 001 000008509 005 20050718115300.0 010 $a88-207-1493-0 100 $a20010716d1987----km-y0itay0103----ba 101 0 $aita 102 $aIT 200 1 $aFisica 1$emeccanica, termodinamica$ecorso di fisica per le facoltà tecnico-scientifiche corredato di esempi ed esercizi$fCorrado Mencuccini, Vittorio Silvestrini 205 $a2. ed. 210 $aNapoli$cLiguori$d1987 215 $a712 p.$cill.$d27 cm. 225 1 $aManuali per l' Università 606 $aMeccanica 606 $aTermodinamica 676 $a531$v(20. ed.)$9Meccanica classica. Meccanica dei solidi 700 1$aMencuccini,$bCorrado$0332090 701 1$aSilvestrini,$bVittorio$0359 801 0$aIT$bUniversità della Basilicata - B.I.A.$gRICA$2unimarc 912 $a000008509 996 $aFisica 1$977359 997 $aUNIBAS BAS $aMONSCI BAS $aMONOGR BAS $aSCIENZE CAT $aTORRE$b20$c20010716$lBAS01$h1146 CAT $c20050601$lBAS01$h1754 CAT $abatch$b01$c20050718$lBAS01$h1049 CAT $c20050718$lBAS01$h1109 CAT $c20050718$lBAS01$h1139 CAT $c20050718$lBAS01$h1153 FMT Z30 -1$lBAS01$LBAS01$mBOOK$1BASA2$APolo Tecnico-Scientifico$2DID$BDidattica$3PTS.s2.p44.19A$676446$5S76446$820010716$f04$FPrestabile Didattica Z30 -1$lBAS01$LBAS01$mBOOK$1BASA2$APolo Tecnico-Scientifico$2DID$BDidattica$3PTS.s2.p44.19B$659256$5S59256$820030410$f04$FPrestabile Didattica LEADER 01062nam--2200373---450- 001 990000393710203316 005 20050802105611.0 010 $a92-827-4142-7 035 $a0039371 035 $aUSA010039371 035 $a(ALEPH)000039371USA01 035 $a0039371 100 $a20010405d1996----km-y0itay0103----ba 101 $ait 102 $aITA 105 $a||||||||001yy 200 1 $a<> Banca Europea per gli investimenti 210 0 $d1996 300 $aTit. della cop. 410 $12001 606 0 $aBanca Europea per gli investimenti 676 $a332.1534 699 $aCDE 01.08$bBEI - BAnca Europea per gli Investimenti 801 0$aIT$bsalbc$gISBD 912 $a990000393710203316 951 $aCDE 01.08 (XXXI)$bCDE 328$cCDE 01.08$d00148830 959 $aBK 969 $aCDE 979 $aPATTY$b90$c20010405$lUSA01$h1600 979 $c20020403$lUSA01$h1647 979 $aPATRY$b90$c20040406$lUSA01$h1627 979 $aCDE$b90$c20050802$lUSA01$h1056 996 $aBANCA europea per gli investimenti$9626815 997 $aUNISA